| 000 | 02679nam a2200325 4500 | ||
|---|---|---|---|
| 001 | ESSALUD | ||
| 005 | 20260703123717.0 | ||
| 007 | ta | ||
| 008 | t pe ||||| |||| 00| 0 spa d | ||
| 040 | _aBMG | ||
| 041 | _aspa | ||
| 100 |
_aValderrama Valderrama, Luis Ricardo _eAutor _949171 |
||
| 245 |
_aLa participación de los trabajadores en las utilidades de la empresa. _bMarco normativo y criterios para su correcta aplicación |
||
| 246 |
_aEmployees' part icipation in company profits. _bLegal framework and criteria far its proper application |
||
| 300 | _apáginas 72-86 | ||
| 520 | _aEl artículo analiza el régimen jurídico de la participación de los trabajadores en las utilidades de las empresas en el Perú, abordando su marco normativo, ámbito de aplicación y criterios para su correcta distribución. Se examinan las condiciones que determinan la obligación empresarial de repartir utilidades, los trabajadores beneficiarios y los métodos de cálculo basados en los días efectivamente laborados y las remuneraciones percibidas. Asimismo, se revisan los plazos de pago, el tratamiento del remanente y las consecuencias del incumplimiento. El estudio busca orientar a empleadores y trabajadores para evitar contingencias derivadas de errores en el cálculo o en el pago oportuno. | ||
| 520 | _aThe article analyzes the legal framework governing employee’s' participation in company profits in Peru, addressing its regulatory basis, scape of application, and the criteria for its proper distribution. It examines the conditions that determine the employer's obligation to distribute profits, the workers entitled to this benefit, and the calculation methods based on days actually worked and the remuneration received. lt also reviews payment deadlines, the treatment of the remaining balance, and the consequences of non-compliance. The study aims to guide employers and workers in order to prevent contingencies arising from errors in the calculation or the timely payment of this benefit. | ||
| 650 |
_aPARTICIPACIÓN EN LAS UTILIDADES _953274 |
||
| 650 |
_aDERECHO LABORAL PERUANO _953275 |
||
| 650 |
_aDISTRIBUCIÓN DE UTILIDADES _953276 |
||
| 650 |
_aBENEFICIOS LABORALES _953277 |
||
| 650 |
_aREMUNERACIÓN COMPUTABLE _953278 |
||
| 650 |
_aPROFIT SHARING _953279 |
||
| 650 |
_aPERUVIAN LABOR LAW _953280 |
||
| 650 |
_aPROFIT DISTRIBUTION _953281 |
||
| 650 |
_aLABOR BENEFITS _953282 |
||
| 650 |
_aCOMPUTABLE REMUNERATIAN _953283 |
||
| 773 | 0 |
_022614 _922626 _dLima Grupo Praxis Formación Profesional, 2026- _oPRALAB002 _tPraxis Laboral & Procesal Laboral _wESSALUD _x3119-768X |
|
| 942 |
_cARTICULOS _e2026-07-02 _zSQB |
||
| 999 |
_c22640 _d22640 |
||